Pravda o nás dvou /
Román slovenské autorky o složitých vztazích mezi nejbližšími.
Uloženo v:
| Hlavní autor: | |
|---|---|
| Další autoři: | |
| Médium: | Kniha |
| Jazyk: | Czech |
| Vydáno: |
Bratislava :
Noxi,
2026
|
| Témata: | |
| Celkem bylo vypůjčeno: | 0x |
| Tagy: |
Žádné tagy |
| LEADER | 01990nam a2200325 i 4500 | ||
|---|---|---|---|
| 001 | 106217 | ||
| 003 | CZ PrSKC | ||
| 005 | 20260428154425.0 | ||
| 008 | 260415s2026 xo ||| | cze | ||
| 020 | |a 9788081117671 |q (vázáno) : |c Kč 399.00 | ||
| 040 | |a JHG001 |b cze |d UOG001 |e rda | ||
| 041 | 1 | |a cze |h slo | |
| 072 | 7 | |a 821.162.4 |x Slovenská literatura |2 Konspekt |9 25 | |
| 080 | 1 | |a 821 | |
| 100 | 1 | |a Repová, Hana |7 xx0233553 |4 aut |9 110367 | |
| 240 | 1 | 0 | |a Pravdá o nás dvoch. |l Česky |
| 245 | 1 | 0 | |a Pravda o nás dvou / |c Hana Repová ; ze slovenského originálu Pravdá o nás dvoch přeložila Draha Smutná |
| 264 | 1 | |a Bratislava : |b Noxi, |c 2026 | |
| 300 | |a 296 stran ; |c 21 cm | ||
| 336 | |a text |b txt |2 rdacontent | ||
| 337 | |a bez média |b n |2 rdamedia | ||
| 338 | |a svazek |b nc |2 rdacarrier | ||
| 520 | 2 | |a Román slovenské autorky o složitých vztazích mezi nejbližšími. |b Ve svých vzpomínkách na dětství se Matthias Hoffman často vrací k bolestivé události z minulosti. Ani po všech těch letech si nedokáže odpustit to, co udělal malé Nil. Tajně ji obdivoval, ale navždy ji ztratil. Ani jako dospělý není Matthiasův život procházkou růžovým sadem. Čelí vážnému obvinění ze smrti pacientky, i když ve skutečnosti za její smrt nenese odpovědnost. Když jednoho večera při jízdě městem zahlédne ženu v šedém kabátě, je přesvědčen, že je to "jeho" Nil. Ale ta je už léta mrtvá. Řetězec událostí, který spustilo jeho upřímné přiznání a posedlost najít ženu, kterou viděl na ulici, obrátí jeho život vzhůru nohama. Nakladatelská anotace. Kráceno. | |
| 655 | 7 | |a slovenské romány |7 fd133450 |2 czenas |9 123 | |
| 700 | 1 | |a Smutná, Draha |7 mzk2002160303 |4 trl |9 21141 | |
| 710 | 2 | |a NOXI (vydavatelství) |7 xx0234603 |4 pbl | |
| 910 | |a UOG502 | ||
| 942 | |2 ddc |c KN | ||
| 999 | |d 106217 | ||
| 993 | |0 0 |1 421180106943 |2 ddc |4 0 |7 0 |9 99560 |b 0 |c 106943 |d 2026-04-28 |e 0 |f DOSP |h 399.00 |i Koupě |l DOSP |r 2026-04-28 |t 6 |w 2026-04-28 |y KN |z BELET |n | ||